000 00705nam a2200241 i 4500
001 C2-0137778
003 PPAK
005 20180727124405.0
008 971220s1992 ilua|||| ||||| | eng d
020 _a1561733229
040 _aPPAK
_beng
_cPPAK
_erda
082 0 4 _a032.02
_223
090 0 0 _a032.02
_bNAT
_dR
090 0 0 _a032.02
_bNAT
_dRK
245 0 0 _aEncyclopedia Britannica :
_bnature ; fascinating facts :
264 1 _aChicago :
_bEncyclopedia Britannica, Inc. ,
_c1992
300 _a32 pages :
_bcolour illustrations ;
_c29 cm
336 _2rdacontent
_atext
337 _2rdamedia
_aunmediated
338 _2rdacarrier
_avolume
650 1 0 _aEncyclopedias and dictionaries
942 _ddc
_cB
999 _c43134
_d43134